Modelirovanije sistem Kursovoje projektirovanije

Salvato in:
Dettagli Bibliografici
Autore principale: Sovetov, Boris Jakovlevič
Altri autori: Jakovlev, Sergej Aleksejevič
Natura: Libro
Lingua:russo
Pubblicazione: Moskva Vysšaja škola 1988
Edizione:1. izd.
Tags: Aggiungi Tag
Nessun Tag, puoi essere il primo ad aggiungerne!!

MARC

LEADER 00000nam a2200000 4500
001 c027787
005 20221219125229.9
041 0 |a rus 
044 |a RU 
245 1 0 |a Modelirovanije sistem  |b Kursovoje projektirovanije  |c Boris Jakovlevič Sovetov, Sergej Aleksejevič Jakovlev 
250 |a 1. izd. 
264 1 |a Moskva  |b Vysšaja škola  |c 1988 
300 |a 133 s. 
100 1 |a Sovetov, Boris Jakovlevič 
700 1 |a Jakovlev, Sergej Aleksejevič